| 000 | 00637nam a2200181 i 4500 | ||
|---|---|---|---|
| 001 | 50840 | ||
| 003 | ES-MaACL | ||
| 007 | t| | ||
| 008 | 030807s1982 sp ||||1| spa d | ||
| 100 | 1 |
_aCurrás, Emilia, _d1927-2020 _942228 |
|
| 245 | 1 | 4 |
_aLas ciencias de la documentación _b: bibliotecología, archivología, documentación e información / _cEmilia Currás. |
| 260 |
_a[Barcelona] : _bMitre, _c[1982] |
||
| 300 |
_a240 p. ; _c22 cm. |
||
| 490 | 1 | _aTextos de informática y documentación | |
| 830 | 0 |
_aTextos de informática y documentación _9182125 |
|
| 852 |
_aES-MaACL _jL-5894 _bR.106423 |
||
| 999 |
_c50840 _d50840 |
||